000 00637nam a2200241Ia 4500
003 OSt
005 20221006145043.0
006 a|||||r|||| 00| 0
007 ta
008 221006b |||||||| |||| 00| 0 eng d
024 _a13,626
037 _cTextual
040 _aEASL
_cEASL
_beng
041 _2eng
_aeng
082 _aV49E:191(zM).N42, L2
100 _aDUBINSRY A M
_9653422
245 0 _aFar East in the second world war
260 _aMoscow
_bNauka Pub.
_c1972
300 _a458p.
_ccm.
490 _v Oth
942 _hV49E:191(zM).N42, L2
_cTEXL
_2CC
999 _c1081712
_d1081712